00000000cam 2200000zi 4500
0019.958273
003CaOODSP
00520251212153847
006m     o  d f      
007cr |n|||||||||
008251212s1927    nscd    ob   f|0| 0 eng d
040 |aCaOODSP|beng|erda|cCaOODSP
043 |an-cn---
0861 |aFs52-5/12-1927E-PDF
1001 |aWeld, C.B., |eauthor.
24510|aStructural changes in fish during freezing and storage / |cC.B. Weld.
24617|aStructural changes during freezing
264 1|aHalifax : |bBiological Board of Canada, |c1927.
300 |a1 online resource (63 pages) : |bcharts.
336 |atext|btxt|2rdacontent
337 |acomputer|bc|2rdamedia
338 |aonline resource|bcr|2rdacarrier
4901 |aManuscript reports of the experimental stations ; |vno. 12
500 |aDigitized edition from print [produced by Department of Fisheries and Oceans].
504 |aIncludes bibliographical references (page 53).
520 |a"This paper is to present an attempt to apply quantitative methods to the microscopic investigation of the frozen material and so to record precisely the changes which take place under known conditions of freezing and storage"--page 1.
650 0|aFrozen fish|xMicrobiology.
650 6|aPoisson congelé|xMicrobiologie.
7102 |aBiological Board of Canada, |eissuing body.
830#0|aManuscript reports of the experimental stations ;|vno. 12.|w(CaOODSP)9.948621
85640|qPDF|s26.20 MB|uhttps://publications.gc.ca/collections/collection_2025/mpo-dfo/fs52-5/Fs52-5-12-1927-eng.pdf